00775nam a2200205 i 4500001000700000003000900007005001700016007000300033008004100036100004200077245005000119260003400169300002800203490007000231740001300301830007800314852003200392999001900424952012600443101132ES-MaACL20240516063039.0t|051013s1962 sp ||||1| spa d1 aMaupassant, Guy de,d1850-189397921410aBola de sebo ; Bel Ami / cGuy de Maupassant. aBarcelona : bMaucci, c1962. a529 p., 7 p. ; c18 cm.1 aClásicos Maucci. Grupo literatura romántica y postromántica0 aBel Ami.0 aClásicos Maucci. Grupo literatura romántica y postromántica9184594 aES-MaACLjC-21739 bR.50472 c101132d101132 00104070aATENEOMbATENEOMcGaleríad2008-01-17eSCl0oC-21739p1105586r2023-02-23 00:00:00w2023-02-23yMONOGRAFIA